000 00530nam a2200193 a 4500
001 1766480580941
003 YourLibrary
005 20251226120325.0
008 251223s2003##################000#0#eng##
020 _a9783631383278
082 0 4 _a261.7
_bVON
100 1 _aRittersporn, Gábor Tamás,
_eauthor.
245 1 0 _aPublic spheres in Soviet-type societies :
260 _bPeter Lang Pub Incorporated,
_c2003.
300 _a457 pages
650 0 _aHistory.
942 _cENGLISH
040 _aYourLibrary
_beng
_cYourLibrary
999 _c605083
_d605083